MDQL
is popping MORE tags! Check the
thread
!
Quizzes
Events
Quiz Creation
Community
Videos
Private Events
Remove Ads
Sign In
Join for FREE
Feedback
Dark Mode
Quiz Categories
Sports
Geography
Music
Movies
Television
Just For Fun
Miscellaneous
History
Literature
Language
Science
Gaming
Entertainment
Religion
Holiday
For Kids
Quiz Lab
Recent
Popular Today
Quiz Kudos Today
Editor Picks
Curator Picks
Quizzes by...
Day
Popularity
Type
Ratings
Length
Year
Community
Subscriptions
Recent Discussions
Orange Saloon
Badges
Playlists
Quests
Create
Leaderboards
Showdown
Live 5
Trivia Bingo
Activity
Puzzle Library
Sporcle Events
Private Events
Virtual Trivia
Globe League
Become a Host
Pub Owners
SporcleCon
Opinionation
Our Games
Videos
Blog
Mobile Apps
Partnerships
Remove Ads and Go Orange
Feedback
Sports
Athletes
MLB
NBA
NHL
NFL
Soccer
Sports Teams
WWE
NCAA
Football
Premier League
Basketball
Baseball
Hockey
Golf
Tennis
Cricket
Rugby
Auto Racing
Olympics
World Cup
Sports
Athletes
MLB
NBA
NHL
NFL
Soccer
Sports Teams
WWE
NCAA
Football
Premier League
Basketball
Baseball
Hockey
Golf
Tennis
Cricket
Rugby
Auto Racing
Olympics
World Cup
Random Quiz
Search Sporcle
×
Quiz Lab
Quiz Lab
Sports
NBA
Type in answers that appear in a list
Type in answers that appear in a list
Classic
Best Score? Go Orange.
NBA Projected Starters 2017-2018 (ESPN) Stats
Can you name the NBA Projected Starters for the 2017-2018 season? (ESPN)
By
1smithlev
15m
150 Questions
5,354 Plays
5,354 Plays
5,354 Plays
Comments
Comments
Give Quiz Kudos
Give Quiz Kudos
-
- Ratings
hide this ad
More Info
Replay
Link that replays current quiz
Next Quiz
Link to next quiz in quiz playlist
You Got
0%
They Got
Avg Score
62%
Avg Friend Score
Upgrade to see
Score Distribution
Jump to the score distribution portion of the page
Score
0/150
Timer
15:00
0
Plays Today
Answer
% Correct
Kyrie Irving
90.7%
LeBron James
88.7%
Klay Thompson
87.3%
Stephen Curry
87.1%
Draymond Green
86.5%
Danny Green
85.9%
Isaiah Thomas
85.9%
JaMychal Green
85.9%
Kevin Durant
85.8%
James Harden
85.3%
Chris Paul
85.2%
Kevin Love
84.7%
Kemba Walker
84.6%
J.R. Smith
84.3%
Al Horford
84%
Dennis Smith
83.6%
Gordon Hayward
83%
Russell Westbrook
82.7%
Brook Lopez
82.7%
Robin Lopez
82.6%
Lonzo Ball
82%
Paul George
81.5%
Anthony Davis
80.8%
Blake Griffin
80.4%
Marc Gasol
80%
Jimmy Butler
79.9%
Pau Gasol
79.8%
D'Angelo Russell
79.6%
Karl-Anthony Towns
79.6%
DeMarcus Cousins
79%
Damian Lillard
78.7%
DeAndre Jordan
78.6%
Andre Drummond
77.9%
John Wall
77.8%
Kyle Lowry
77.1%
Dirk Nowitzki
76.7%
Joel Embiid
76.2%
Dennis Schroder
76.2%
Dwight Howard
76.2%
Devin Booker
76.1%
Nikola Jokic
76.1%
Steven Adams
75.9%
DeMar DeRozan
75.8%
Ben Simmons
75.7%
Bradley Beal
75.4%
Mike Conley
75.4%
Andrew Wiggins
75.3%
Hassan Whiteside
75.1%
Tony Parker
74.6%
Clint Capela
74.4%
Answer
% Correct
Kawhi Leonard
73.6%
Zaza Pachulia
73.3%
Reggie Jackson
73.2%
Jaylen Brown
73.1%
Josh Jackson
73.1%
Justin Jackson
73%
Goran Dragic
72.8%
Kristaps Porzingis
72.6%
Victor Oladipo
71.8%
Zach Lavine
71.6%
C.J. McCollum
70.9%
Giannis Antetokounmpo
70.7%
Carmelo Anthony
70.6%
Myles Turner
70.4%
Jeff Teague
70.4%
Eric Bledsoe
70.3%
Rudy Gobert
69.9%
Paul Millsap
69.5%
Marcus Morris
69.3%
Jae Crowder
69.3%
Markieff Morris
69.1%
Trevor Ariza
68.9%
Jrue Holiday
68.7%
LaMarcus Aldridge
67.6%
Aaron Gordon
67.5%
Gary Harris
66.9%
Tobias Harris
66.9%
Marcin Gortat
66.4%
Brandon Ingram
66.3%
Jeremy Lin
65.2%
Khris Middleton
64.9%
Rajon Rondo
64.6%
Markelle Fultz
64.1%
Nicolas Batum
63.1%
Andre Roberson
62.6%
Julius Randle
62.5%
J.J. Redick
62.2%
Harrison Barnes
61.7%
James Johnson
61.6%
Otto Porter
61.6%
Ricky Rubio
61.6%
Marvin Williams
60.8%
Ryan Anderson
60.7%
George Hill
60.2%
Solomon Hill
60.1%
Kent Bazemore
60%
Tyson Chandler
60%
Wilson Chandler
60%
Jamal Murray
59.8%
Jusuf Nurkic
59%
Answer
% Correct
Kris Dunn
58.8%
Avery Bradley
58.2%
Nikola Vucevic
57.9%
Serge Ibaka
57.9%
Elfrid Payton
57%
Malcolm Brogdon
54.6%
Patrick Beverley
52.6%
Jonas Valanciunas
52.6%
Kentavious Caldwell-Pope
51.8%
Dario Saric
51.3%
Thaddeus Young
50.7%
Dion Waiters
50%
Greg Monroe
48.9%
Denzel Valentine
48.4%
Danilo Gallinari
47.8%
Evan Fournier
47.6%
Michael Kidd-Gilchrist
47%
Derrick Favors
46.9%
Zach Randolph
45.9%
Taurean Prince
44.9%
Timofey Mozgov
44.5%
Darren Collison
44.5%
DeMarre Carroll
44%
Wesley Matthews
42.9%
Buddy Hield
42.8%
Courtney Lee
42.8%
Justise Winslow
42.2%
Rodney Hood
41.9%
Dewayne Dedmon
41.7%
Nerlens Noel
41.2%
Joe Ingles
40.8%
Gorgui Dieng
40.3%
Rondae Hollis-Jefferson
39.7%
Willie Cauley-Stein
39.1%
Al-Farouq Aminu
36.9%
Chandler Parsons
34.5%
Bojan Bogdanovic
33.1%
Tony Snell
32.2%
Milos Teodosic
31.5%
Marquese Chriss
30.6%
C.J. Miles
30.4%
Ersan Ilyasova
30.2%
Maurice Harkless
29%
Terrence Ross
28.4%
Lauri Markannen
28%
Doug McDermott
26.2%
Willy Hernangomez
25.7%
Ron Baker
18.7%
Jon Leuer
18.1%
Ben McLemore
13.3%
Quiz Playlist
Details
Report
Send in Message
Add To Playlist
More Info:
Last updated August 24th, 2017
Classic:
Type in answers that appear in a list
Last Updated: Jan 24, 2018
Quiz Scoreboard
CHALLENGE
Sign Up to Join the Scoreboard
Show All
Scores
Hide
Comments
May contain spoilers
Recently Published
Find the 'City' Movie
by crazypaving
Movies
60s
5x2 Blitz: Bands
by SL_Kpop136
Music
30s
Colored Red Africa Blitz
by spor1
Geography
30s
More to Explore
Quiz From the Vault
Featured Blog Post
14 Easter Pick-up Lines to Find Eggs With
hide this ad
You Might Also Like...
Tags
Basketball Quiz
NBA Quiz
2018
Cleveland
Cleveland Cavaliers
Golden State
Golden State Warriors
Projected
Roster
Starter
Today's Top Quizzes in Sports
Browse Sports
hide this ad
Today's Top Quizzes in NBA
Browse NBA
Top Contributed Quizzes in Sports
1
Players with Multiple 50 Home Run Seasons
2
Who Needs Fielders?
3
Criteria MLB: Left Handed Sluggers
4
MLB Players with Two .350 Batting Average Seasons
5
Who Hit More Homers?
6
2020 F1 Drivers Logic Puzzle
7
NBA Teammate Connections
8
Premier League Clubs since 2000 (minefield)
9
MLB Teams by First Game
10
Top 10 NHL Goal Scorers of All Time
Explore More
Trending Topics
Harry Potter
Marvel
NBA
Crossword
Disney
Anime
Kpop
Country
Puzzle
NFL
Pokémon
WWE
The Office
Soccer
Song
hide this ad
More By:
1smithlev
Quiz
Plays
Rating
Category
Featured
Created
NBA Projected Starters 2017-2018 (ESPN)
5,354
4.00
Sports
Aug 7, 2017
SI's Top 100 NBA Players 2017-2018
2,067
3.25
Sports
Sep 14, 2017
Pittsburgh Penguins 2017 Stanley Cup Roster
669
3.50
Sports
Jun 18, 2017
2018 NBA All Stars
277
2.00
Sports
Jan 23, 2018
Go to Creator's Profile
Score Distribution
Quiz Creator Spotlight
1smithlev
Follow
Send a Message
Quizzes Created
-
Created Quiz Play Count
-
More By This Creator
Popular Quizzes Today
1
5x2 Blitz: Bands
2
Find the 'City' Movie
3
Colored Red Africa Blitz
4
Find the US States - No Outlines Minefield
5
The Countries of the World
6
Find the US States
7
9x9 Crossword: Cartoon Network
8
US States
More Sports Quizzes
WWE Wrestlers by '80s Action Figure II
Published
Trending Quizzes
Colored Red Africa Blitz II
Colored Red Europe Blitz I
Christmas Pick: Judaism
Colored Red Africa Blitz III
Colored Red Europe Blitz II
Recently Updated
Champions League XIs: Real Madrid
pecheneg
Largest US Cities 1790-2010
pecheneg
Rides in Walt Disney World
pecheneg
Most Oscar Losses (Acting)
pecheneg
Beyoncé Albums
pecheneg
Leaping Animals
pecheneg
Reality TV Shows (A-Z)
bhenderson79
Rickey Henderson's Hall of Fame Teammates
pecheneg
Champions League XIs: Arsenal
pecheneg
Quick Pick: Celebrities in WWE's Hall of Fame
aduchscher
Trending Topics
Marvel
Kpop
NBA
Harry Potter
Crossword
Anime
Disney
The Office
Soccer
Country
Pokémon
Song
WWE
Puzzle
NFL
Your Account Isn't Verified!
In order to create a playlist on Sporcle, you need to verify the email address you used during registration. Go to your
Sporcle Settings
to finish the process.
Report this User
Report this user for behavior that violates our
Community Guidelines
.
Details:
Send Report
Go to the Sporcle.com Mobile Site →
Comments